Physiotherapy for Torture Survivors : a basic introduction/ (Record no. 172574)

MARC details
000 -LEADER
fixed length control field 00808nam a2200253 4500
003 - CONTROL NUMBER IDENTIFIER
control field OSt
005 - DATE AND TIME OF LATEST TRANSACTION
control field 20260206103337.0
008 - FIXED-LENGTH DATA ELEMENTS--GENERAL INFORMATION
fixed length control field 260121b |||||||| |||| 00| 0 eng d
020 ## - INTERNATIONAL STANDARD BOOK NUMBER
International Standard Book Number 87-88882-15-2 (paperback)
040 ## - CATALOGING SOURCE
Original cataloging agency NUST
Language of cataloging eng
Transcribing agency NUST
Modifying agency NUST
Description conventions rda
050 ## - LIBRARY OF CONGRESS CALL NUMBER
Classification number RC423.PRI
100 ## - MAIN ENTRY--PERSONAL NAME
Personal name Karen Prip
Relator term editor
245 ## - TITLE STATEMENT
Title Physiotherapy for Torture Survivors : a basic introduction/
Statement of responsibility, etc. edited by Karin Prip
260 ## - PUBLICATION, DISTRIBUTION, ETC.
Place of publication, distribution, etc. Denmark ;
Name of publisher, distributor, etc. IRCT ,
Date of publication, distribution, etc. ©1995.
300 ## - PHYSICAL DESCRIPTION
Extent 95 pages, (appendix 2-XII)
Other physical details illustrations
Dimensions 24 cm
336 ## - CONTENT TYPE
Source rdamedia
Content type term text
Content type code txt
337 ## - MEDIA TYPE
Source rdamedia
Media type term unmediated
Media type code n
338 ## - CARRIER TYPE
Source rdamedia
Carrier type term volume
Carrier type code nc
504 ## - BIBLIOGRAPHY, ETC. NOTE
Bibliography, etc. note [ ]
650 ## - SUBJECT ADDED ENTRY--TOPICAL TERM
Topical term or geographic name entry element Physiotherapy
700 ## - ADDED ENTRY--PERSONAL NAME
Personal name Lone Tived
Relator term editor
700 ## - ADDED ENTRY--PERSONAL NAME
Personal name Nina Holten
Relator term editor
942 ## - ADDED ENTRY ELEMENTS (KOHA)
Source of classification or shelving scheme Library of Congress Classification
Suppress in OPAC No
Koha item type Ordinary Loan Books
Classification part RC423.PRI
Call number prefix RC423
Call number suffix PRI
Holdings
Withdrawn status Lost status Source of classification or shelving scheme Damaged status Not for loan Collection Home library Current library Shelving location Date acquired Source of acquisition Cost, normal purchase price Total Checkouts Full call number Barcode Date last seen Accession number Cost, replacement price Price effective from Koha item type Public note
    LCC     NFIC Medical Medical GEN 01/21/2026 Book Aid International 15.00   RC423.PRI 92004053363 01/21/2026 60306 15.00 01/21/2026 BOOKS Donation